01285nam a2200325 c 4500001001100000003000700011005001700018008003900035015001000074017005000084020002200134035002100156040004100177080003300218080002700251100003600278245014200314260006000456300004000516336003400556337003300590500002200623504003400645600004100679650008800720700003200808700003600840710005900876852002400935C00080939cSpMaBN20241029152444.0230614s2015 sp a | |||| 000 0 spa aMON15 aM 3597-2015 bOficina Depósito Legal Madrid a978-84-15069-51-5 a(OCoLC)908833951 aSpMaBN bspa cSpMaBN dM-RABA erdc a686.1 Brugalla Turmo, Emilio a745/746.036(460):686.11 aGarcía Herranz, Ana (d1972-)10aBrugalla, maestro encuadernador, en la biblioteca de la Real Academia de la Historia / cAna García Herranz, Antonio Carpallo Bautista. a[Madrid] : bReal Academia de la Historia, cD.L. 2015. a161 p. : bil. col. y n. ; c24 cm. aTexto (visual) 2isbdcontent] asin mediación 2isbdmedia] aEjemplar firmado. aBibliografía: p. [119]-121.17aBrugalla Turmo, Emilio (d1901-1987) 7aEncuadernación artísticaaReal Academia de la Historia (España).bBiblioteca.1 aCarpallo Bautista, Antonio.1 aGarcía Herranz, Ana (d1972-)2 aReal Academia de la Historia (España). bBiblioteca.4 aM-RABA jJ-1949